| 000 | 01537cam a2200385 a 4500 | ||
|---|---|---|---|
| 999 |
_c232590 _d232590 |
||
| 001 | 3508764 | ||
| 003 | NUST | ||
| 005 | 20180117090022.0 | ||
| 008 | 950807s1995 enk b 001 0 eng d | ||
| 010 | _a 95069626 | ||
| 015 | _aGB95-80287 | ||
| 020 | _a0803977727 (cased) | ||
| 020 | _a0803977735 (pbk) | ||
| 035 | _a(OCoLC)33403966 | ||
| 040 |
_aUk _cUk _dDLC |
||
| 042 | _alccopycat | ||
| 043 | _ad------ | ||
| 050 | 0 | 0 |
_aHV525 _b.M54 1995 |
| 082 | 0 | 0 |
_a361.6/1 _220 |
| 100 | 1 | _aMidgley, James. | |
| 245 | 1 | 0 |
_aSocial development : _bthe developmental perspective in social welfare / _cJames Midgley. |
| 260 |
_aLondon ; _aThousand Oaks, Calif. : _bSage, _c1995. |
||
| 300 |
_avii, 194 p. ; _c22 cm. |
||
| 500 | _aIncludes index. | ||
| 504 | _aBibliography: p. 177-188. | ||
| 650 | 0 |
_aHuman services _zDeveloping countries. |
|
| 650 | 0 |
_aSocial planning _zDeveloping countries. |
|
| 856 | 4 | 2 |
_3Publisher description _uhttp://www.loc.gov/catdir/enhancements/fy0656/95069626-d.html |
| 856 | 4 | 1 |
_3Table of contents only _uhttp://www.loc.gov/catdir/enhancements/fy0656/95069626-t.html |
| 856 | 4 | 2 |
_3Contributor biographical information _uhttp://www.loc.gov/catdir/enhancements/fy0735/95069626-b.html |
| 906 |
_a7 _bcbc _ccopycat _d2 _eopcn _f19 _gy-gencatlg |
||
| 942 |
_2ddc _cBK |
||